[Event "Aut_chT"]
[Site "Jenbach"]
[Date "2003.01.25"]
[Round "7.4"]
[White "Gaertner, Guntram"]
[Black "Watzka, Horst"]
[Result "1/2-1/2"]
[WhiteElo "2357"]
[BlackElo "2337"]
[PlyCount "34"]
[EventDate "2003.01.23"]

1. d4 Nf6 2. Nf3 g6 3. Bf4 Bg7 4. Nbd2 O-O 5. c3 d6 6. h3 b6 7. e3 Bb7 8. Be2
Nbd7 9. O-O e6 10. Bh2 Qe7 11. a4 a6 12. a5 b5 13. c4 b4 14. Nb3 Ne4 15. Nfd2
Rfd8 16. Nxe4 Bxe4 17. Qd2 c5 1/2-1/2

[Event "Aut_chT"]
[Site "Jenbach"]
[Date "2003.01.25"]
[Round "7.4"]
[White "Singer, Richard"]
[Black "Grabher, Heinz"]
[Result "1-0"]
[WhiteElo "2281"]
[BlackElo "2227"]
[PlyCount "67"]
[EventDate "2003.01.23"]

1. d4 d5 2. c4 e6 3. Nc3 c6 4. e4 dxe4 5. Nxe4 Nf6 6. Nxf6+ Qxf6 7. Nf3 Nd7 8.
Bd3 Qd8 9. O-O Be7 10. Bc2 O-O 11. Qd3 g6 12. Bh6 Re8 13. Rad1 Bf6 14. Rfe1 b6
15. Qe3 Qe7 16. Ne5 Bb7 17. Qf3 Nxe5 18. dxe5 Bg7 19. Bxg7 Kxg7 20. Be4 Rac8
21. Rd6 Rc7 22. Red1 c5 23. Bxb7 Rxb7 24. g3 Rc8 25. h4 h5 26. Kg2 Rcc7 27. Rd8
Kh7 28. Qf6 Qxf6 29. exf6 g5 30. hxg5 Kg6 31. f4 b5 32. Kf3 e5 33. Rg8+ Kf5 34.
Rd5 1-0

[Event "Aut_chT"]
[Site "Jenbach"]
[Date "2003.01.25"]
[Round "7.5"]
[White "Dorfman, Iossif"]
[Black "Wells, Peter"]
[Result "1/2-1/2"]
[WhiteElo "2610"]
[BlackElo "2486"]
[PlyCount "51"]
[EventDate "2003.01.23"]

1. e4 c5 2. Nf3 Nc6 3. d4 cxd4 4. Nxd4 Nf6 5. Nc3 d6 6. Bg5 e6 7. Qd2 a6 8.
O-O-O Bd7 9. f4 h6 10. Bh4 g5 11. fxg5 Ng4 12. Be2 Nge5 13. Nf3 Be7 14. Rhg1 b5
15. Rdf1 Rb8 16. Kb1 b4 17. Nd1 a5 18. Bg3 hxg5 19. Ne3 Qc7 20. Nxe5 Nxe5 21.
Bxe5 dxe5 22. Ng4 Qc5 23. Rh1 Bc6 24. Bd3 a4 25. Qf2 Qxf2 26. Rxf2 1/2-1/2

[Event "Aut_chT"]
[Site "Jenbach"]
[Date "2003.01.25"]
[Round "7.5"]
[White "Paehtz, Thomas"]
[Black "Baburin, Alexander"]
[Result "1/2-1/2"]
[WhiteElo "2459"]
[BlackElo "2558"]
[PlyCount "49"]
[EventDate "2003.01.23"]

1. e4 Nf6 2. e5 Nd5 3. d4 d6 4. c4 Nb6 5. exd6 exd6 6. Nc3 Be7 7. Bd3 c6 8. h3
d5 9. cxd5 Nxd5 10. Nf3 Be6 11. O-O Nd7 12. Re1 O-O 13. Bd2 Re8 14. a3 h6 15.
Qc2 Nxc3 16. bxc3 Bd5 17. Ne5 Nxe5 18. dxe5 b5 19. Re2 Bc5 20. a4 Qh4 21. Be3
Bxe3 22. Rxe3 Qg5 23. Rg3 Qxe5 24. axb5 cxb5 25. Bxb5 1/2-1/2

[Event "Aut_chT"]
[Site "Jenbach"]
[Date "2003.01.25"]
[Round "7.5"]
[White "Fahrner, Kurt"]
[Black "Mahdy, Khaled"]
[Result "1/2-1/2"]
[WhiteElo "2364"]
[BlackElo "2374"]
[PlyCount "57"]
[EventDate "2003.01.23"]

1. e4 c6 2. d4 d5 3. Nc3 dxe4 4. Nxe4 Nf6 5. Nxf6+ gxf6 6. Be2 Bf5 7. Bf4 Nd7
8. Nf3 Bg7 9. O-O O-O 10. c3 Bg6 11. Qb3 Qb6 12. Rfe1 Rfe8 13. Nh4 e6 14. Nxg6
hxg6 15. Rad1 Rad8 16. Bc4 Qxb3 17. axb3 Nb6 18. Bf1 Nd5 19. Bd2 Rd7 20. Bc1
Red8 21. g3 Kh7 22. Rd3 Bh6 23. Bxh6 Kxh6 24. Rdd1 Kg7 25. Ra1 a6 26. h4 Nb6
27. Bg2 Rd6 28. Re2 Nd7 29. f4 1/2-1/2

[Event "Aut_chT"]
[Site "Jenbach"]
[Date "2003.01.25"]
[Round "7.5"]
[White "Kleiser, Gregor"]
[Black "Frosch, Erich"]
[Result "0-1"]
[WhiteElo "2201"]
[BlackElo "2343"]
[PlyCount "66"]
[EventDate "2003.01.23"]

1. e4 e5 2. f4 exf4 3. Nf3 Ne7 4. Bc4 c6 5. Nc3 d5 6. Bb3 h6 7. Qe2 Be6 8. exd5
cxd5 9. Nd4 Qb6 10. Nxe6 fxe6 11. d4 g5 12. Bd2 Nd7 13. Qh5+ Kd8 14. O-O-O Bg7
15. Na4 Qd6 16. Bc3 Nf5 17. Nc5 Nxc5 18. dxc5 Qf8 19. Bxg7 Nxg7 20. Qg6 Kc7 21.
c4 Rd8 22. cxd5 exd5 23. Rxd5 Rxd5 24. Bxd5 Nf5 25. Be4 Ne3 26. Kb1 Qe7 27. Bf3
Rd8 28. Qxh6 Rd2 29. h4 Qd7 30. Qg6 g4 31. Qe4 Kc8 32. Bxg4 Nxg4 33. Qxf4 Qd3+
0-1

[Event "Aut_chT"]
[Site "Jenbach"]
[Date "2003.01.25"]
[Round "7.5"]
[White "Ebner, Hubert"]
[Black "Wallner, Alfred"]
[Result "1-0"]
[WhiteElo "2235"]
[BlackElo "2242"]
[PlyCount "111"]
[EventDate "2003.01.23"]

1. d4 Nf6 2. c4 g6 3. Nc3 Bg7 4. e4 d6 5. f3 O-O 6. Bg5 Nc6 7. Nge2 a6 8. Qd2
Rb8 9. Rd1 b5 10. Nc1 b4 11. Na4 Bd7 12. b3 Qe8 13. Nb2 e5 14. d5 Nd4 15. Bd3
Nh5 16. Ne2 f5 17. O-O Nxe2+ 18. Bxe2 Nf4 19. Nd3 Nxd3 20. Bxd3 f4 21. Rc1 h6
22. Bh4 g5 23. Bf2 h5 24. Kh1 Bh6 25. c5 a5 26. cxd6 cxd6 27. Rc7 Rf7 28. Rfc1
Rg7 29. Bf1 g4 30. Bh4 Qg6 31. Ba6 Kh8 32. Bc8 gxf3 33. gxf3 Bxc8 34. Rxc8+
Rxc8 35. Rxc8+ Kh7 36. Rc1 Bg5 37. Rg1 Qf6 38. Rxg5 Rxg5 39. Qf2 Kg8 40. Qb6
Kh7 41. Bxg5 Qxg5 42. Qc7+ Qg7 43. Qxd6 Qa7 44. Qxe5 Qf2 45. Qxh5+ Kg7 46. Qg4+
Kf7 47. Qxf4+ Ke8 48. h4 Qxa2 49. Qe5+ Kf7 50. Qe6+ Kg7 51. d6 Qf2 52. Qg4+ Kf7
53. Qf5+ Kg7 54. d7 Qxh4+ 55. Kg2 Qd8 56. e5 1-0

[Event "Aut_chT"]
[Site "Jenbach"]
[Date "2003.01.25"]
[Round "7.6"]
[White "Mueller, Karsten"]
[Black "Pinter, Jozsef"]
[Result "1/2-1/2"]
[WhiteElo "2507"]
[BlackElo "2562"]
[PlyCount "34"]
[EventDate "2003.01.23"]

1. e4 e5 2. Nf3 Nc6 3. Nc3 Nf6 4. d4 exd4 5. Nxd4 Bb4 6. Nxc6 bxc6 7. Bd3 d5 8.
exd5 cxd5 9. O-O O-O 10. Bg5 c6 11. Qf3 Bd6 12. Na4 h6 13. Bxf6 Qxf6 14. Qxf6
gxf6 15. c4 Ba6 16. Rfd1 dxc4 17. Bxc4 Bxh2+ 1/2-1/2

[Event "Aut_chT"]
[Site "Jenbach"]
[Date "2003.01.25"]
[Round "7.6"]
[White "Baumegger, Siegfried"]
[Black "Polzin, Rainer"]
[Result "1/2-1/2"]
[WhiteElo "2350"]
[BlackElo "2467"]
[PlyCount "118"]
[EventDate "2003.01.23"]

1. e4 c5 2. Nc3 g6 3. g3 Bg7 4. Bg2 Nc6 5. d3 Rb8 6. Be3 b5 7. Qd2 b4 8. Nd1 d6
9. Ne2 a5 10. O-O Qb6 11. f4 Nf6 12. h3 Nd7 13. Rb1 Nd4 14. Nf2 a4 15. Ng4 f5
16. exf5 gxf5 17. Nh2 Bb7 18. Nf3 Nxf3+ 19. Bxf3 Bxf3 20. Rxf3 Qc6 21. Rff1 O-O
22. Kh2 Qd5 23. c4 bxc3 24. Nxc3 Bxc3 25. bxc3 c4 26. dxc4 Qxd2+ 27. Bxd2 Rfc8
28. Rb4 Rxb4 29. cxb4 Rxc4 30. Rc1 Rxc1 31. Bxc1 h5 32. Be3 Kf7 33. g4 fxg4 34.
hxg4 hxg4 35. Kg3 Ke6 36. Kxg4 Nf6+ 37. Kg5 Ne4+ 38. Kg6 Nc3 39. f5+ Kd7 40.
Bd2 Nb5 41. Bg5 d5 42. f6 exf6 43. Kxf6 Kd6 44. Bf4+ Kc6 45. Ke5 Nc3 46. a3 Kb5
47. Bd2 Nb1 48. Bc1 Kc4 49. b5 Kxb5 50. Kxd5 Nc3+ 51. Ke5 Kc4 52. Bh6 Nb5 53.
Bf8 Kb3 54. Ke4 Nxa3 55. Kd3 Nc4 56. Be7 Ne5+ 57. Kd2 Nc6 58. Bf8 Nb4 59. Bxb4
Kxb4 1/2-1/2

[Event "Aut_chT"]
[Site "Jenbach"]
[Date "2003.01.25"]
[Round "7.6"]
[White "Schwarz, Michael"]
[Black "Wach, Markus"]
[Result "1/2-1/2"]
[WhiteElo "2410"]
[BlackElo "2388"]
[PlyCount "33"]
[EventDate "2003.01.23"]

1. d4 d5 2. Nf3 Nf6 3. g3 c6 4. Bg2 Bg4 5. O-O Nbd7 6. c4 e6 7. Qb3 Qb6 8. Nc3
Be7 9. c5 Qxb3 10. axb3 O-O 11. b4 a6 12. Nd2 e5 13. Nb3 exd4 14. Nxd4 a5 15.
bxa5 Bxc5 16. Be3 Bb4 17. h3 1/2-1/2

[Event "Aut_chT"]
[Site "Jenbach"]
[Date "2003.01.25"]
[Round "7.6"]
[White "Kuba, Guenter"]
[Black "Schlosser, Michael"]
[Result "0-1"]
[WhiteElo "2307"]
[BlackElo "2344"]
[PlyCount "68"]
[EventDate "2003.01.23"]

1. e4 g6 2. d4 Bg7 3. Nc3 d6 4. Be3 Nf6 5. Qd2 Nc6 6. f3 O-O 7. Nge2 e5 8. d5
Ne7 9. g4 Ne8 10. g5 c6 11. Ng3 Nc7 12. h4 cxd5 13. exd5 f5 14. gxf6 Rxf6 15.
Bg2 Nf5 16. Nxf5 Rxf5 17. Ne4 b5 18. O-O-O Bb7 19. Qb4 Bf8 20. Bg5 Qb8 21. Bh3
Rxf3 22. Nf6+ Kg7 23. Qg4 Rxf6 24. Bxf6+ Kxf6 25. Rhf1+ Kg7 26. Qd7+ Kg8 27.
Rf7 Bh6+ 28. Kb1 Bc8 29. Qe7 Bxh3 30. Rxh7 Qf8 31. Qxf8+ Rxf8 32. Rxc7 e4 33.
Rg1 Rf1+ 34. Rxf1 Bxf1 0-1

[Event "Aut_chT"]
[Site "Jenbach"]
[Date "2003.01.25"]
[Round "7.6"]
[White "Kotz, Heinz Peter"]
[Black "Kilgus, Georg"]
[Result "1-0"]
[WhiteElo "2325"]
[BlackElo "2346"]
[PlyCount "59"]
[EventDate "2003.01.23"]

1. e4 c5 2. Nf3 d6 3. d4 cxd4 4. Nxd4 Nf6 5. Nc3 a6 6. Bc4 e6 7. Bb3 b5 8. O-O
Be7 9. Qf3 Qb6 10. Be3 Qb7 11. a3 O-O 12. Bg5 Nbd7 13. Rfe1 Ne5 14. Qg3 Bd7 15.
Rad1 a5 16. f4 b4 17. fxe5 dxe5 18. Nf5 exf5 19. Nd5 Nxd5 20. Bxd5 Bc6 21. Bxc6
Bc5+ 22. Kh1 Qxc6 23. axb4 Bxb4 24. c3 f4 25. Qd3 Bc5 26. Qc4 Rfc8 27. Rd5 Be3
28. Rd8+ Rxd8 29. Qxc6 f6 30. Qe6+ 1-0

[Event "Aut_chT"]
[Site "Jenbach"]
[Date "2003.01.26"]
[Round "8.1"]
[White "Tischbierek, Raj"]
[Black "Almasi, Zoltan"]
[Result "1/2-1/2"]
[WhiteElo "2506"]
[BlackElo "2676"]
[PlyCount "78"]
[EventDate "2003.01.23"]

1. e4 e5 2. Bc4 Nf6 3. d3 Nc6 4. Nc3 Na5 5. Qf3 d6 6. h3 Be7 7. Nge2 O-O 8. O-O
c6 9. a4 Nxc4 10. dxc4 Be6 11. b3 Qa5 12. Bd2 Rfd8 13. Rfd1 Qc7 14. Be3 Qa5 15.
Bd2 Qc7 16. Be3 Rd7 17. Rd3 Qa5 18. Rad1 Rad8 19. Bd2 Qc7 20. Be3 Qa5 21. Bd2
Qc7 22. Be3 a6 23. g4 b5 24. axb5 axb5 25. g5 Ne8 26. cxb5 cxb5 27. R3d2 b4 28.
Nd5 Bxd5 29. exd5 Ra8 30. Qg3 Qd8 31. h4 g6 32. Qg4 Rb7 33. Qc4 Ng7 34. Ng3 Qc8
35. Qxc8+ Rxc8 36. Ra1 Nf5 37. Nxf5 gxf5 38. f4 f6 39. Ra6 exf4 1/2-1/2

[Event "Aut_chT"]
[Site "Jenbach"]
[Date "2003.01.26"]
[Round "8.1"]
[White "Baumegger, Siegfried"]
[Black "Eichler, Christoph"]
[Result "1-0"]
[WhiteElo "2350"]
[BlackElo "2302"]
[PlyCount "95"]
[EventDate "2003.01.23"]

1. e4 c5 2. Nf3 Nc6 3. d4 cxd4 4. Nxd4 g6 5. c4 Nf6 6. Nc3 d6 7. Nc2 Bg7 8. Be2
O-O 9. O-O a6 10. b3 Be6 11. Be3 Rc8 12. Nd5 Bxd5 13. cxd5 Ne5 14. Na3 Qa5 15.
f4 Ned7 16. Nc4 Rxc4 17. Bxc4 Nxe4 18. Qe2 f5 19. Rac1 Ndf6 20. Kh1 Kh8 21. Qe1
Qxe1 22. Rfxe1 Ng4 23. Rc2 Rc8 24. Bd3 Rxc2 25. Bxc2 Bb2 26. Bxe4 fxe4 27. Bb6
Nf6 28. Bd8 Nxd5 29. Rxe4 Bf6 30. g4 h6 31. Kg2 Kg7 32. Kg3 Kf7 33. h4 e5 34.
Bxf6 exf4+ 35. Kf3 Kxf6 36. Re8 g5 37. h5 Nc3 38. Rg8 Nxa2 39. Rg6+ Kf7 40.
Rxh6 b5 41. Rxd6 a5 42. Rd5 Nc3 43. Rxg5 a4 44. h6 a3 45. h7 a2 46. h8=Q a1=Q
47. Qh7+ Ke6 48. Qh6+ 1-0

[Event "Aut_chT"]
[Site "Jenbach"]
[Date "2003.01.26"]
[Round "8.1"]
[White "Druckenthaner, Andreas"]
[Black "Wach, Markus"]
[Result "1/2-1/2"]
[WhiteElo "2318"]
[BlackElo "2388"]
[PlyCount "44"]
[EventDate "2003.01.23"]

1. d4 Nf6 2. c4 c5 3. d5 b5 4. Nf3 bxc4 5. Nc3 g6 6. e4 d6 7. Bxc4 Bg7 8. e5
dxe5 9. Nxe5 O-O 10. O-O Bb7 11. Qb3 Qb6 12. Re1 Na6 13. Bg5 Qxb3 14. Bxb3 Nb4
15. Rad1 Rad8 16. Be3 Nfxd5 17. Bxc5 Bxe5 18. Nxd5 Bxd5 19. Bxe7 Bxb3 20. Rxd8
Rxd8 21. Bxd8 Nd3 22. Rxe5 Nxe5 1/2-1/2

[Event "Aut_chT"]
[Site "Jenbach"]
[Date "2003.01.26"]
[Round "8.1"]
[White "Kuba, Guenter"]
[Black "Sprotte, Norbert"]
[Result "1/2-1/2"]
[WhiteElo "2307"]
[BlackElo "2260"]
[PlyCount "55"]
[EventDate "2003.01.23"]

1. e4 e6 2. d4 d5 3. Nd2 Nf6 4. e5 Nfd7 5. c3 c5 6. f4 Nc6 7. Ndf3 cxd4 8. cxd4
Nb6 9. Bd3 a5 10. a4 Bd7 11. Ne2 Nb4 12. Bb1 Be7 13. O-O g6 14. g4 h5 15. gxh5
Rxh5 16. Ng3 Rh7 17. Ng5 Bxg5 18. fxg5 Qe7 19. Ra3 O-O-O 20. Rc3+ Kb8 21. b3
Rc8 22. Qd2 Nc6 23. Rc5 Rch8 24. Rf2 Nc8 25. Bb2 b6 26. Rc3 N8a7 27. Rcf3 Be8
28. Qc1 1/2-1/2

[Event "Aut_chT"]
[Site "Jenbach"]
[Date "2003.01.26"]
[Round "8.1"]
[White "Beck, Hartmuth"]
[Black "Kilgus, Georg"]
[Result "0-1"]
[WhiteElo "2257"]
[BlackElo "2346"]
[PlyCount "100"]
[EventDate "2003.01.23"]

1. d4 Nf6 2. c4 g6 3. Nc3 Bg7 4. e4 d6 5. f4 O-O 6. Nf3 Na6 7. e5 Ne8 8. h3 f6
9. exd6 exd6 10. Be2 f5 11. O-O Nf6 12. a3 c6 13. Be3 Nc7 14. Qd2 Ne4 15. Nxe4
fxe4 16. Nh2 d5 17. c5 h5 18. b4 Qh4 19. Qe1 Qxe1 20. Raxe1 a5 21. b5 Nxb5 22.
Bxb5 cxb5 23. Rb1 Bd7 24. Rf2 Rf7 25. h4 Bf6 26. g3 b6 27. cxb6 Bd8 28. Rc2
Bxb6 29. Nf1 Rff8 30. Nd2 Rfc8 31. Rbc1 Rxc2 32. Rxc2 b4 33. axb4 a4 34. Nb1 a3
35. Ra2 Ra4 36. Nc3 Rxb4 37. Rxa3 Bc6 38. Ne2 Kf7 39. Ra2 Bb5 40. Nc3 Bc4 41.
Ra3 Bb3 42. Kf2 Ke6 43. Ne2 Bc4 44. Nc3 Kf5 45. Na4 Bd8 46. Bd2 Rb1 47. Nc5 Bf6
48. Be3 Kg4 49. Nd7 Kh3 50. Bc1 Bxd4+ 0-1

[Event "Aut_chT"]
[Site "Jenbach"]
[Date "2003.01.26"]
[Round "8.1"]
[White "Postl, Anton"]
[Black "Peterwagner, Heinz"]
[Result "1-0"]
[WhiteElo "2322"]
[BlackElo "2243"]
[PlyCount "62"]
[EventDate "2003.01.23"]

1. Nf3 c5 2. g3 Nc6 3. Bg2 d5 4. O-O e5 5. d3 Nf6 6. e4 dxe4 7. dxe4 Qxd1 8.
Rxd1 Bg4 9. c3 Nxe4 10. h3 Bxf3 11. Bxf3 Nf6 12. Na3 Be7 13. Bxc6+ bxc6 14. Nc4
e4 15. Bg5 Nd5 16. Bxe7 Kxe7 17. Re1 f5 18. f3 Rhe8 19. fxe4 fxe4 20. Rxe4+ Kd7
21. Rae1 Rxe4 22. Rxe4 Rf8 23. Kg2 Nb6 24. Nxb6+ axb6 25. Ra4 Kd6 26. Ra7 Re8
27. Kf3 Re7 28. Rxe7 Kxe7 29. b3 Ke6 30. Ke4 Kd6 31. a4 Ke6 1-0

[Event "Aut_chT"]
[Site "Jenbach"]
[Date "2003.01.26"]
[Round "8.2"]
[White "Wells, Peter"]
[Black "Mueller, Karsten"]
[Result "1/2-1/2"]
[WhiteElo "2486"]
[BlackElo "2507"]
[PlyCount "36"]
[EventDate "2003.01.23"]

1. d4 d5 2. c4 c6 3. Nc3 Nf6 4. e3 e6 5. Nf3 Nbd7 6. Bd3 dxc4 7. Bxc4 b5 8. Bd3
Bb7 9. e4 b4 10. Na4 c5 11. e5 Nd5 12. O-O cxd4 13. Re1 g6 14. Bg5 Be7 15. Bh6
Bf8 16. Bg5 Be7 17. Bh6 Bf8 18. Bg5 Be7 1/2-1/2

[Event "Aut_chT"]
[Site "Jenbach"]
[Date "2003.01.26"]
[Round "8.2"]
[White "Polzin, Rainer"]
[Black "Paehtz, Thomas"]
[Result "0-1"]
[WhiteElo "2467"]
[BlackElo "2459"]
[PlyCount "120"]
[EventDate "2003.01.23"]

1. e4 c5 2. Nf3 d6 3. d4 cxd4 4. Nxd4 Nf6 5. Nc3 a6 6. f4 e5 7. Nf3 Nbd7 8. a4
Be7 9. Bd3 O-O 10. O-O exf4 11. Kh1 Ne5 12. Bxf4 Ng6 13. Be3 Be6 14. a5 Ng4 15.
Bg1 N6e5 16. Nd4 Nxd3 17. cxd3 Ne5 18. Na4 Bf6 19. Nb6 Rb8 20. Rc1 Nd7 21. Nxe6
fxe6 22. Qb3 Re8 23. Rc2 Bg5 24. Qa4 Rf8 25. Rxf8+ Nxf8 26. Qc4 Qf6 27. Nc8 Bf4
28. d4 Qf7 29. Qc7 Qxc7 30. Rxc7 d5 31. e5 Bd2 32. Nd6 Bxa5 33. Rxb7 Rxb7 34.
Nxb7 Bd2 35. Nc5 a5 36. Bf2 Kf7 37. Kg1 Ng6 38. Kf1 Ne7 39. Nb3 Bb4 40. Ke2 Nc6
41. Kd3 Kg6 42. Nc1 Kf5 43. Ne2 g5 44. h3 h5 45. Ng3+ Kg6 46. Nf1 g4 47. Ne3
gxh3 48. gxh3 Be7 49. Be1 a4 50. Nd1 Kg5 51. Nc3 Bb4 52. Bd2+ Kh4 53. Nxa4 Bxd2
54. Kxd2 Kxh3 55. Nc5 Kg3 56. Nxe6 h4 57. Ng5 Kg4 58. Nf7 h3 59. e6 h2 60. Ne5+
Nxe5 0-1

[Event "Aut_chT"]
[Site "Jenbach"]
[Date "2003.01.26"]
[Round "8.2"]
[White "Schlosser, Michael"]
[Black "Fahrner, Kurt"]
[Result "1/2-1/2"]
[WhiteElo "2344"]
[BlackElo "2364"]
[PlyCount "97"]
[EventDate "2003.01.23"]

1. e4 g6 2. d4 c6 3. Nc3 d5 4. h3 Bg7 5. e5 f6 6. exf6 exf6 7. Bf4 Nh6 8. Nf3
Nf7 9. Bd3 Nd7 10. O-O Nf8 11. Re1+ Ne6 12. Qd2 O-O 13. Be3 Qd6 14. Ne2 Bd7 15.
c4 Rfe8 16. Rac1 Rad8 17. Nf4 Neg5 18. Nxg5 fxg5 19. Ne2 Be6 20. c5 Qe7 21. g4
Bc8 22. b4 a6 23. Ng3 Bf6 24. a4 Qf8 25. b5 axb5 26. axb5 Qg7 27. bxc6 bxc6 28.
Bc2 Ba6 29. Ba4 Re6 30. Rb1 Bc4 31. Red1 Ra8 32. Qc2 Nd8 33. Rb6 Qa7 34. Bb3
Bxb3 35. Qxb3 Qa4 36. Qxa4 Rxa4 37. Rb8 Kf7 38. Rc8 Re8 39. Ne2 Ra6 40. Rb1 Ne6
41. Rb7+ Be7 42. Rxe8 Kxe8 43. Kg2 Ra2 44. Ng1 h6 45. Nf3 Bf6 46. Rb8+ Ke7 47.
Rc8 Ra6 48. Kg3 Kf7 49. Rb8 1/2-1/2

[Event "Aut_chT"]
[Site "Jenbach"]
[Date "2003.01.26"]
[Round "8.2"]
[White "Frosch, Erich"]
[Black "Kotz, Heinz Peter"]
[Result "0-1"]
[WhiteElo "2343"]
[BlackElo "2325"]
[PlyCount "54"]
[EventDate "2003.01.23"]

1. d4 Nf6 2. c4 g6 3. Nf3 Bg7 4. Nc3 d6 5. g3 O-O 6. Bg2 Nbd7 7. O-O e5 8. dxe5
dxe5 9. Qc2 c6 10. Rd1 Qc7 11. b4 Re8 12. Ng5 a5 13. b5 Nc5 14. Ba3 Bf8 15.
bxc6 bxc6 16. Qd2 Bf5 17. Qe3 Ng4 18. Qc1 e4 19. h3 Nxf2 20. Kxf2 e3+ 21. Kf3
h6 22. Bxc5 Bxc5 23. Nge4 Bxe4+ 24. Nxe4 Qe5 25. g4 Qxe4+ 26. Kg3 Qe5+ 27. Kf3
Re6 0-1

[Event "Aut_chT"]
[Site "Jenbach"]
[Date "2003.01.26"]
[Round "8.3"]
[White "Kindermann, Stefan"]
[Black "Dorfman, Iossif"]
[Result "1/2-1/2"]
[WhiteElo "2516"]
[BlackElo "2610"]
[PlyCount "34"]
[EventDate "2003.01.23"]

1. e4 e5 2. Nf3 Nc6 3. Bb5 a6 4. Bxc6 dxc6 5. O-O Bg4 6. h3 h5 7. d3 Qf6 8.
Nbd2 Ne7 9. Nc4 Bxf3 10. Qxf3 Qxf3 11. gxf3 Ng6 12. Be3 Be7 13. Rfd1 O-O-O 14.
Kf1 f6 15. Ke2 Nf8 16. f4 exf4 17. Bxf4 Ne6 1/2-1/2

[Event "Aut_chT"]
[Site "Jenbach"]
[Date "2003.01.26"]
[Round "8.3"]
[White "Baburin, Alexander"]
[Black "Kosten, Anthony C"]
[Result "1/2-1/2"]
[WhiteElo "2558"]
[BlackElo "2545"]
[PlyCount "34"]
[EventDate "2003.01.23"]

1. d4 Nf6 2. c4 e6 3. Nc3 Bb4 4. Qc2 O-O 5. a3 Bxc3+ 6. Qxc3 b6 7. Bg5 Bb7 8.
e3 d6 9. f3 Nbd7 10. Bd3 Rc8 11. Ne2 c5 12. Qb3 Qc7 13. Rc1 Ba6 14. Qd1 h6 15.
Bh4 d5 16. O-O dxc4 17. Bxc4 Bxc4 1/2-1/2

[Event "Aut_chT"]
[Site "Jenbach"]
[Date "2003.01.26"]
[Round "8.3"]
[White "Freitag, Manfred"]
[Black "Beim, Valeri"]
[Result "1/2-1/2"]
[WhiteElo "2389"]
[BlackElo "2553"]
[PlyCount "85"]
[EventDate "2003.01.23"]

1. d4 f5 2. g3 Nf6 3. Bg2 g6 4. Nf3 Bg7 5. O-O O-O 6. c4 d6 7. Nc3 Qe8 8. Re1
Qf7 9. b3 Ne4 10. Bb2 Nc6 11. Rc1 e5 12. dxe5 Nxc3 13. Bxc3 dxe5 14. Qd5 Kh8
15. e4 fxe4 16. Qxf7 Rxf7 17. Rxe4 Re7 18. g4 h5 19. h3 hxg4 20. hxg4 a5 21.
Rce1 Kg8 22. Nxe5 Bxe5 23. Bxe5 Bxg4 24. Bc3 Rxe4 25. Rxe4 Bh5 26. Re6 Kf8 27.
Bxc6 bxc6 28. Rxc6 Ke7 29. Rxc7+ Kd6 30. Rf7 a4 31. Bb4+ Kc6 32. Rf6+ Kd7 33.
Bd2 axb3 34. axb3 Ra2 35. Be3 Rc2 36. Kg2 Rc3 37. c5 Rxb3 38. c6+ Ke7 39. Bg5
Ke8 40. Re6+ Kf8 41. Re3 Rxe3 42. fxe3 Ke8 43. Kg3 1/2-1/2

[Event "Aut_chT"]
[Site "Jenbach"]
[Date "2003.01.26"]
[Round "8.3"]
[White "Mahdy, Khaled"]
[Black "Karner, Christoph"]
[Result "1/2-1/2"]
[WhiteElo "2374"]
[BlackElo "2343"]
[PlyCount "49"]
[EventDate "2003.01.23"]

1. e4 c5 2. Ne2 d6 3. g3 Nf6 4. Bg2 g6 5. c3 Bg7 6. d4 cxd4 7. cxd4 O-O 8. Nbc3
Nc6 9. h3 e5 10. Be3 Bd7 11. O-O Re8 12. Rc1 exd4 13. Nxd4 Nxd4 14. Bxd4 Bc6
15. Qd3 Qa5 16. a3 Rad8 17. b4 Qxa3 18. Ra1 Qb3 19. Rfb1 Qe6 20. Rxa7 Bxe4 21.
Nxe4 Nxe4 22. Bxg7 Kxg7 23. Rxb7 d5 24. Qd4+ Kg8 25. Re1 1/2-1/2

[Event "Aut_chT"]
[Site "Jenbach"]
[Date "2003.01.26"]
[Round "8.3"]
[White "Watzka, Horst"]
[Black "Kleiser, Gregor"]
[Result "1/2-1/2"]
[WhiteElo "2337"]
[BlackElo "2201"]
[PlyCount "92"]
[EventDate "2003.01.23"]

1. e4 c5 2. Nf3 Nc6 3. Bb5 g6 4. O-O Bg7 5. Bxc6 dxc6 6. d3 e5 7. Be3 b6 8.
Nbd2 Qc7 9. a3 a5 10. Nc4 Be6 11. b4 Bxc4 12. dxc4 Nf6 13. bxc5 bxc5 14. Nd2
Rd8 15. Bxc5 Bf8 16. Bxf8 Kxf8 17. Qe2 Kg7 18. Rfd1 Rd7 19. Nf3 Rhd8 20. Rxd7
Qxd7 21. h3 Qa7 22. Rb1 Qc5 23. Rb3 Ne8 24. g3 Nd6 25. Kg2 Rd7 26. Rd3 Rb7 27.
Qe3 Qxe3 28. Rxe3 Kf6 29. c5 Nc4 30. Rc3 Nb2 31. Nd2 Na4 32. Rd3 Rb2 33. Rd6+
Kg7 34. Rxc6 Rxc2 35. Nb3 Nc3 36. Nxa5 Nxe4 37. Kf3 f5 38. Ke3 Rxf2 39. Nc4 Rg2
40. Nxe5 Rxg3+ 41. Kf4 Rxa3 42. Rc7+ Kf6 43. Nd7+ Ke6 44. Nf8+ Kd5 45. Rd7+
Kxc5 46. Rxh7 Nf2 1/2-1/2

[Event "Aut_chT"]
[Site "Jenbach"]
[Date "2003.01.26"]
[Round "8.3"]
[White "Wallner, Alfred"]
[Black "Singer, Richard"]
[Result "0-1"]
[WhiteElo "2242"]
[BlackElo "2281"]
[PlyCount "40"]
[EventDate "2003.01.23"]

1. e4 g6 2. d4 Bg7 3. Nc3 c5 4. Be3 Qa5 5. Qd2 cxd4 6. Bxd4 Bxd4 7. Qxd4 Nf6 8.
O-O-O Nc6 9. Qe3 d6 10. Bc4 Bg4 11. Rd2 Rc8 12. Nd5 Nb4 13. Nxf6+ exf6 14. Qb3
Rxc4 15. Qxc4 Nxa2+ 16. Kb1 Qxd2 17. Nf3 Bxf3 18. Qc8+ Ke7 19. Qxh8 Bxg2 20.
Rg1 Nb4 0-1

[Event "Aut_chT"]
[Site "Jenbach"]
[Date "2003.01.26"]
[Round "8.4"]
[White "Bischoff, Klaus"]
[Black "Atlas, Valery"]
[Result "1-0"]
[WhiteElo "2564"]
[BlackElo "2477"]
[PlyCount "81"]
[EventDate "2003.01.23"]

1. Nf3 c5 2. c4 b6 3. d4 cxd4 4. Nxd4 Bb7 5. Nc3 Nf6 6. f3 e6 7. e4 d6 8. Be2
Be7 9. Be3 O-O 10. Qd2 a6 11. O-O-O Nc6 12. Kb1 Rc8 13. g4 Na5 14. g5 Nd7 15.
b3 Ne5 16. h4 Qd7 17. h5 Rfd8 18. Nd5 exd5 19. cxd5 Qe8 20. Nf5 Rb8 21. f4 Bc8
22. Nxe7+ Qxe7 23. fxe5 dxe5 24. Rc1 Rd6 25. Qb4 Nb7 26. Bxa6 Rd7 27. Qxe7 Rxe7
28. Rc6 Bg4 29. Rhc1 Nc5 30. Bxc5 bxc5 31. h6 gxh6 32. gxh6 Bf3 33. Bd3 f5 34.
R1xc5 fxe4 35. Bc4 Ree8 36. d6+ Kh8 37. d7 Red8 38. Be6 e3 39. Rc8 Bb7 40. Rxb8
Rxb8 41. Rxe5 1-0

[Event "Aut_chT"]
[Site "Jenbach"]
[Date "2003.01.26"]
[Round "8.4"]
[White "Gustafsson, Jan"]
[Black "Horvath, Csaba"]
[Result "1/2-1/2"]
[WhiteElo "2566"]
[BlackElo "2506"]
[PlyCount "37"]
[EventDate "2003.01.23"]

1. d4 Nf6 2. c4 g6 3. Nc3 d5 4. cxd5 Nxd5 5. e4 Nxc3 6. bxc3 Bg7 7. Bc4 c5 8.
Ne2 Nc6 9. Be3 O-O 10. O-O Bd7 11. Rb1 a6 12. dxc5 Na5 13. Bd3 Qc7 14. Nd4 Rfc8
15. Qe2 e6 16. Nb3 Nxb3 17. Rxb3 Bc6 18. f4 Rd8 19. e5 1/2-1/2

[Event "Aut_chT"]
[Site "Jenbach"]
[Date "2003.01.26"]
[Round "8.4"]
[White "Hoelzl, Franz"]
[Black "Naumann, Alexander"]
[Result "0-1"]
[WhiteElo "2349"]
[BlackElo "2524"]
[PlyCount "116"]
[EventDate "2003.01.23"]

1. Nf3 Nf6 2. c4 g6 3. Nc3 Bg7 4. e4 d6 5. d4 O-O 6. Be2 e5 7. O-O Na6 8. Re1
c6 9. Bf1 exd4 10. Nxd4 Ng4 11. h3 Qb6 12. hxg4 Qxd4 13. g5 Qxd1 14. Rxd1 Be5
15. Be3 Nc5 16. f3 Be6 17. Rac1 a5 18. Rc2 a4 19. Kf2 f6 20. gxf6 Rxf6 21. Bd4
g5 22. Rcd2 Raf8 23. Be2 g4 24. Bxe5 dxe5 25. Ke3 gxf3 26. gxf3 Rh6 27. Rd8
Rhf6 28. Rg1+ Rg6 29. Rxf8+ Kxf8 30. Rh1 Bg8 31. Rh5 Re6 32. Kd2 b6 33. Nd1 h6
34. Ne3 Bf7 35. Rh1 h5 36. Kc3 Bg6 37. Ng2 Rf6 38. Kb4 Rd6 39. Nh4 Bh7 40. Rd1
Rd4 41. Ng2 Ke7 42. Kc3 Rxd1 43. Bxd1 Kf6 44. Kd2 Kg5 45. Ke3 h4 46. f4+ exf4+
47. Nxf4 Bxe4 48. b4 axb3 49. axb3 Kf5 50. b4 Na6 51. Bh5 Ke5 52. Bf3 Bxf3 53.
Nd3+ Kf5 54. Kxf3 Nc7 55. Nf2 Ne6 56. Ke3 Ng5 57. b5 c5 58. Nd1 Nf7 0-1

[Event "Aut_chT"]
[Site "Jenbach"]
[Date "2003.01.26"]
[Round "8.4"]
[White "Moser, Guenter"]
[Black "Gaertner, Guntram"]
[Result "1/2-1/2"]
[WhiteElo "2357"]
[BlackElo "2357"]
[PlyCount "21"]
[EventDate "2003.01.23"]

1. d4 d5 2. Bf4 c6 3. Nf3 Nf6 4. Nbd2 Bf5 5. e3 e6 6. Be2 Ne4 7. O-O Nd7 8.
Nxe4 Bxe4 9. h3 Be7 10. Bh2 O-O 11. Qd2 1/2-1/2